000 00627nam a22001817a 4500
003 UA-OsUOA
001 20046
007 ta
008 20041019b un ||||| |||| 00| 0 ukr d
100 _aКуліш Л.
942 _cSA
040 _aUA-OsUOA
_cUA-OsUOA
_dUA-OsUOA
245 _aУ краю Купрінової "Олесі"
_b[Про створення музею "Олесчя" в с.Кузьмівка Сарнен. р-ну]
300 _aС.3
955 _a0
773 0 _w0
_tСарненські новини
_dСарни
_d2004
_g№111/112/14 жовт./
650 7 _aКраєзнавча робота
_2UDC
999 _c306219
_d306219